Economics and the environment : A signalling and incentives approach (Record no. 3680)

000 -LEADER
fixed length control field 00934cam a2200277 a 4500
001 - CONTROL NUMBER
control field 4019798
003 - CONTROL NUMBER IDENTIFIER
control field OSt
005 - DATE AND TIME OF LATEST TRANSACTION
control field 20161021172642.0
008 - FIXED-LENGTH DATA ELEMENTS--GENERAL INFORMATION
fixed length control field 970721s1997 iaua b 000 0 eng
010 ## - LIBRARY OF CONGRESS CONTROL NUMBER
LC control number 97074220
020 ## - INTERNATIONAL STANDARD BOOK NUMBER
International Standard Book Number 9781864482577
040 ## - CATALOGING SOURCE
Original cataloging agency DLC
Transcribing agency DLC
Modifying agency DLC
050 00 - LIBRARY OF CONGRESS CALL NUMBER
Classification number HC79.W55 1997
082 00 - DEWEY DECIMAL CLASSIFICATION NUMBER
Classification number 333.7
Edition number 21
100 1# - MAIN ENTRY--PERSONAL NAME
Personal name Wills, Ian.
Dates associated with a name 1938-
245 10 - TITLE STATEMENT
Title Economics and the environment : A signalling and incentives approach
Statement of responsibility, etc Ian Wills.
260 ## - PUBLICATION, DISTRIBUTION, ETC. (IMPRINT)
Place of publication, distribution, etc Australia:
Name of publisher, distributor, etc Allen Unwin.,
Date of publication, distribution, etc c1997.
300 ## - PHYSICAL DESCRIPTION
Extent xi, 340 p. :
Other physical details ill. ;
Dimensions 23 cm.
504 ## - BIBLIOGRAPHY, ETC. NOTE
Bibliography, etc Includes bibliographical references (p. [127]-132).
600 ## - SUBJECT ADDED ENTRY--PERSONAL NAME
Source of heading or term Ian Wills
650 #0 - SUBJECT ADDED ENTRY--TOPICAL TERM
Topical term or geographic name as entry element Environmental economics.
856 7# - ELECTRONIC LOCATION AND ACCESS
Materials specified Table of contents
Uniform Resource Identifier <a href="http://lcweb.loc.gov/catdir/toc/97-74220.html">http://lcweb.loc.gov/catdir/toc/97-74220.html</a>
Access method http
906 ## - LOCAL DATA ELEMENT F, LDF (RLIN)
a 7
b cbc
c orignew
d 2
e opcn
f 19
g y-gencatlg
942 ## - ADDED ENTRY ELEMENTS (KOHA)
Source of classification or shelving scheme
Koha item type Book

No items available.


Riara University Library,
P.O. Box 49940-00100,
Nairobi, Kenya.